Top 10 najbogatszych państw w Afryce - Statystyki

Ogólne statystyki
  • Ten quiz został rozwiązany 41 razy
  • Średni wynik to 6 z 10
Statystyki odpowiedzi
PKB na osobę Country % Poprawnych
$17 600 Egipt
97%
$16 400 Republika Południowej Afryki
97%
$16 500 Algieria
77%
$26 500 Libia
72%
$13 600 Tunezja
72%
$43 200 Seszele
67%
$32 100 Mauritius
49%
$20 100 Botswana
38%
$19 500 Gabon
31%
$18 400 Gwinea Równikowa
23%
Nie znaleziono quizów pasujących do podanych kryteriów
Rozkład punktacji
Procent ludzi z każdym wynikiem
Percentyl według liczby udzielonych odpowiedzi
Twoja historia wyników
Nie rozwiązałeś tego quizu